La actualidad de lo bello: el arte como juego, símbolo y fiesta
Αποθηκεύτηκε σε:
| Κύριος συγγραφέας: | |
|---|---|
| Μορφή: | Βιβλίο |
| Γλώσσα: | Ισπανικά |
| Έκδοση: |
Barcelona
Paidós
1991
|
| Σειρά: | Pensamiento Contemporáneo, 15
|
| Θέματα: | |
| Ετικέτες: |
Προσθήκη ετικέτας
Δεν υπάρχουν, Καταχωρήστε ετικέτα πρώτοι!
|
MARC
| LEADER | 00000nam a2200000 a 4500 | ||
|---|---|---|---|
| 001 | UCV9247 | ||
| 003 | CL-VaPUC | ||
| 008 | 920722e19910000SP |||||||||||||||||spa|d | ||
| 020 | |a 8475096794 | ||
| 082 | 0 | 4 | |a 701 |b GAD |2 21 |
| 100 | |a Gadamer, Hans-Georg |e author |9 360406 | ||
| 245 | 1 | 3 | |a La actualidad de lo bello: el arte como juego, símbolo y fiesta |
| 300 | |a 124 p | ||
| 942 | |c BK | ||
| 945 | |d 19920722 00:00:00 |a nfarias | ||
| 260 | |a Barcelona |b Paidós |c 1991 | ||
| 650 | 0 | |a Filosofía del arte |9 264951 | |
| 583 | |a last modification |c 19920722 00:00:00 |k Rodrigo Vera | ||
| 490 | 0 | |a Pensamiento Contemporáneo, 15 | |
| 999 | |c 214616 |d 214614 | ||
| 952 | |0 0 |1 0 |4 0 |6 701_000000000000000_GAD_1991 |7 0 |8 A |9 198185 |a BIBARQ |b BIBARQ |d 2019-11-14 |i 2657287 |l 2 |o 701 GAD 1991 |p 2657287 |r 2025-01-20 |s 2022-06-01 |w 2019-11-14 |y BK |k ARQ | ||
| 952 | |0 0 |1 0 |4 0 |6 701_000000000000000_GAD_1991 |7 0 |8 A |9 198186 |a FDOPOS |b FDOPOS |d 2019-11-14 |i 2959968 |o 701 GAD 1991 |p 2959968 |r 2025-01-22 |w 2019-11-14 |y BK |k MLH | ||